Resolución de la incertidumbre en el tiempo (Registro nro. 17480)

Detalles MARC
000 -LEADER
fixed length control field 00373 a2200121 4500
001 - CONTROL NUMBER
control field ART_2526
005 - DATE AND TIME OF LATEST TRANSACTION
control field 20260410161727.0
008 - FIXED-LENGTH DATA ELEMENTS--GENERAL INFORMATION
fixed length control field 260409a
100 1# - MAIN ENTRY--PERSONAL NAME
Personal name Hausman, Warren H.
245 10 - TITLE STATEMENT
Title Resolución de la incertidumbre en el tiempo
700 1# - ADDED ENTRY--PERSONAL NAME
Personal name Bierman, Harold (h)
773 0# - HOST ITEM ENTRY
Title Administración de empresas
Related parts - Año 4, Nº 43 (oct. 1973)
Record control number REV2036

No hay ítems disponibles.